Score 0/20 Timer 04:00
1 Play Today
Song Title Missing Word % Correct
_____ and the BeastBeauty
92.7%
Because You Loved _____Me
92.7%
My _____ Will Go OnHeart
92%
It's All _____ Back to Me NowComing
83.5%
All by _____Myself
82.8%
That's the _____ It IsWay
82.6%
Love Can Move _____Mountains
69.7%
A _____ Day Has ComeNew
55.1%
The _____ of LovePower
51.5%
Only _____ RoadOne
49%
Song Title Missing Word % Correct
Where Does My Heart _____ NowBeat
45.7%
I _____ All NightDrove
42.8%
Think _____Twice
32.8%
If You _____ Me ToAsked
30.6%
The _____ to KnowLast
28.5%
_____ ChancesTaking
24.3%
I'm Your _____Angel
22.4%
In Some _____ WaySmall
16.1%
_____ from the MoonWater
11.9%
Did You Give _____ LoveEnough
11.6%

Today's Daily Dose

Missing Word
Movies EA - EZ

Word Ladder
Bedtime!

You're not logged in!

Compare scores with friends on all Sporcle quizzes.
OR
Log In

Sporcle TV

Today on Sporcle TV


Watch our educational content, quiz creation guides, and fun videos on Sporcle TV.

Show Comments

Extras

Top Quizzes Today


Score Distribution

Paid Content

Your Account Isn't Verified!

In order to create a playlist on Sporcle, you need to verify the email address you used during registration. Go to your Sporcle Settings to finish the process.

Report this User

Report this user for behavior that violates our Community Guidelines.

Details: